000 00625nam a22002177a 4500
999 _c14684
_d14684
005 20251125232840.0
008 s2000 eng d
020 _a9747859076
040 _aNALT
041 _aeng
050 _aDS568 S94T 2000
100 0 _aSujit Wongtes
245 1 0 _aThe Thai people and culture
260 3 _aBangkok :
_bThe Public Department Office of the Prime Minister,
_c2000
300 _a126 p. :
_b ill. ;
_c 21 cm.
650 0 4 _aThailand -- Social life and customs
850 _aNALT
856 4 0 _uhttps://hdl.handle.net/20.500.14156/514341
_71
942 _cGB
_2lcc